Statistics for 辽宁省下辖县级行政区地图 County-level administrative divisions of Liaoning

Click here to take the quiz!

General Stats

  • This quiz has been taken 97 times
  • The average score is 64 of 100

Answers on the Map

Answers color-coded by a green-red scale on the quiz's map according to % correct below.
 

Answer Stats

县级类地名% Correct
市辖区铁西区
92%
县级市瓦房店市
90%
市辖区鲅鱼圈区
88%
市辖区金州区
88%
市辖区皇姑区
85%
市辖区旅顺口区
85%
市辖区中山区
85%
县级市海城市
83%
县级市东港市
81%
自治县本溪满族自治县
81%
辽阳县
81%
市辖区浑南区
81%
长海县
79%
市辖区普兰店区
79%
县级市庄河市
79%
市辖区西岗区
77%
市辖区甘井子区
77%
自治县阜新蒙古族自治县
77%
朝阳县
77%
法库县
77%
市辖区铁东区
77%
市辖区沙河口区
77%
市辖区沈北新区
75%
铁岭县
75%
县级市盖州市
75%
县级市北票市
75%
市辖区苏家屯区
73%
县级市大石桥市
73%
黑山县
73%
县级市灯塔市
73%
自治县岫岩满族自治县
73%
市辖区和平区
73%
县级市新民市
71%
县级市凌源市
71%
抚顺县
71%
县级市兴城市
71%
县级市凌海市
69%
绥中县
69%
市辖区沈河区
69%
盘山县
69%
县级市凤城市
69%
自治县桓仁满族自治县
69%
市辖区辽中区
67%
市辖区大东区
67%
市辖区大洼区
67%
义县
67%
昌图县
65%
县级市调兵山市
65%
县级市开原市
65%
台安县
63%
市辖区于洪区
63%
市辖区千山区
63%
市辖区清河区
60%
市辖区兴隆台区
60%
自治县喀喇沁左翼蒙古族自治县
60%
自治县新宾满族自治县
60%
市辖区清河门区
60%
彰武县
60%
自治县宽甸满族自治县
60%
自治县清原满族自治县
58%
市辖区龙城区
58%
县级市北镇市
58%
市辖区南票区
58%
市辖区弓长岭区
56%
康平县
56%
市辖区南芬区
56%
市辖区振兴区
54%
市辖区老边区
54%
市辖区银州区
54%
市辖区站前区
54%
市辖区望花区
54%
建平县
54%
建昌县
54%
市辖区立山区
54%
市辖区溪湖区
52%
市辖区龙港区
52%
市辖区元宝区
52%
市辖区文圣区
52%
市辖区振安区
52%
西丰县
52%
市辖区凌河区
50%
市辖区古塔区
50%
市辖区双台子区
50%
市辖区白塔区
48%
市辖区西市区
48%
市辖区双塔区
48%
市辖区细河区
48%
市辖区太和区
46%
市辖区太平区
46%
市辖区太子河区
46%
市辖区连山区
44%
市辖区顺城区
44%
市辖区新邱区
44%
市辖区宏伟区
42%
市辖区明山区
42%
市辖区海州区
42%
市辖区新抚区
42%
市辖区平山区
40%
市辖区东洲区
35%

Score Distribution

Percentile by Number Answered

Percent of People with Each Score

Your Score History

You have not taken this quiz